000 00259nam a2200109Ia 4500
008 190216s9999||||xx |||||||||||||| ||und||
100 _aDas Gupta P
245 0 _aAnnual Accounts Under Vertical Form
260 _bKalyani Pub
_c1980
300 _a35p
942 _cBK
999 _c5040
_d5040